| 000 | 03280cam a22012254i 4500 | ||
|---|---|---|---|
| 003 | PE-LiUPU | ||
| 005 | 20250813185337.0 | ||
| 008 | 161004s2002 r 000 0 spa d | ||
| 020 | _a9568134107 | ||
| 020 | _a9789568134105 | ||
| 035 | _a(Sirsi) a163926 | ||
| 040 |
_aPE-LiUPU _bspa _cPE-LiUPU _erda |
||
| 049 | _aPRUA | ||
| 082 | 0 | 4 |
_a303.4834 _bS26 _220 |
| 245 | 0 | 3 |
_aEl Mito Internet / _c[autores, José Saramago ... et al.]. |
| 264 |
_aSantiago, Chile : _bEditorial Aún Creemos en los Sueños, _c©2002. |
||
| 300 |
_a87 páginas. ; _c21 centimetros |
||
| 336 |
_atext _2rdacontent |
||
| 337 |
_aunmediated _2rdamedia |
||
| 338 |
_avolume _2rdacarrier |
||
| 505 | 0 | _a¿Para que sirve la comunicación? -- Internet y yo -- La nueva economía -- Cómo nació el mito internet -- "Los tiempos modernos" en la era internet -- El culto internet -- Los pobres del civerespacio -- En búsqueda de una comunicación humana -- Pensar la ciberguerra -- Internet rehén del comercio --Y el cazador se convirtio en presa... -- Idilogía de las nuevas tecnologías. | |
| 526 | _aP202 | ||
| 526 | _aP201 | ||
| 526 | _aP163 | ||
| 526 | _aP162 | ||
| 526 | _aP161 | ||
| 526 | _aP160 | ||
| 526 | _aP148 | ||
| 526 | _aP147 | ||
| 526 | _aP146 | ||
| 526 | _aP145 | ||
| 526 | _aP144 | ||
| 526 | _aP143 | ||
| 526 | _aP142 | ||
| 526 | _aP141 | ||
| 526 | _aP140 | ||
| 526 | _aP139 | ||
| 526 | _aP138 | ||
| 526 | _aP137 | ||
| 526 | _aP136 | ||
| 526 | _aP135 | ||
| 526 | _aP134 | ||
| 526 | _aP133 | ||
| 526 | _aP129 | ||
| 526 | _aP128 | ||
| 526 | _aP127 | ||
| 526 | _aP120 | ||
| 526 | _aP119 | ||
| 526 | _aP118 | ||
| 526 | _aP116 | ||
| 526 | _aP115 | ||
| 526 | _aP114 | ||
| 526 | _aP110 | ||
| 526 | _aP109 | ||
| 526 | _aP108 | ||
| 526 | _aP104 | ||
| 526 | _aP103 | ||
| 526 | _aP102 | ||
| 526 | _aP99 | ||
| 526 | _aP98 | ||
| 526 | _aP97 | ||
| 526 | _aP96 | ||
| 526 | _aP95 | ||
| 526 | _aP93 | ||
| 526 | _aP90 | ||
| 526 | _aP89 | ||
| 526 | _aP88 | ||
| 526 | _aP83 | ||
| 526 | _aP82 | ||
| 526 | _aP62 | ||
| 526 | _aP59 | ||
| 526 | _aP58 | ||
| 526 | _aP57 | ||
| 526 | _aP51 | ||
| 526 | _aP49 | ||
| 526 | _aP48 | ||
| 526 | _aP47 | ||
| 526 | _aP29 | ||
| 526 | _aP24 | ||
| 526 | _aP20 | ||
| 526 | _aP19 | ||
| 526 | _aP17 | ||
| 526 | _aP15 | ||
| 526 | _aP14 | ||
| 526 | _aP12 | ||
| 526 | _aP10 | ||
| 526 | _aP09 | ||
| 526 | _aP08 | ||
| 526 | _aP07 | ||
| 526 | _aP06 | ||
| 526 | _aP05 | ||
| 526 | _aP04 | ||
| 526 | _aP01 | ||
| 650 | 0 | 4 | _aINTERNET. |
| 650 | 0 | 4 | _aSociedad de la información. |
| 650 | 0 | 4 |
_aInternet _aArtículos periodísticos. |
| 700 | 1 | _aSaramago, José. | |
| 910 |
_ajck _bjos _cjck _d2016104 |
||
| 942 |
_2ddc _cBOOK |
||
| 949 |
_a303.4834 S26 _wDEWEY _c1 _i74731 _lCATALOGING _mBUL _p10.00 _r0 _sY _tBOOK _u2016-10-04 _xFCE _PP04 _0COMPRA _o.CIRCNOTE. El documento es de alto precio. _o.STAFF. Colección Ciencias Empresariales |
||
| 264 | 1 | _a**REQUIRED FIELD** | |
| 596 | _a1 | ||
| 999 |
_a303.4834 S26 _wDEWEY _c12783 _i74731 _f2021-11-4 _g6 _lCCODEBUL1 _mBUL _p10.00 _r0 _sY _tBOOK _u2016-10-4 _xBIBLIOTECA _PP04 _0COMPRA _o.STAFF. Colección Ciencias Empresariales _d12783 |
||
| 980 |
_81 _gALBERTO SANCHEZ Responsable de Automatización |
||